<?xml version="1.0" encoding="UTF-8"?><?xml-stylesheet type="text/xsl" href="static/style.xsl"?><OAI-PMH xmlns="http://www.openarchives.org/OAI/2.0/" xmlns:xsi="http://www.w3.org/2001/XMLSchema-instance" xsi:schemaLocation="http://www.openarchives.org/OAI/2.0/ http://www.openarchives.org/OAI/2.0/OAI-PMH.xsd"><responseDate>2026-04-29T13:47:05Z</responseDate><request verb="GetRecord" identifier="oai:riubu.ubu.es:10259/10023" metadataPrefix="marc">https://riubu.ubu.es/oai/request</request><GetRecord><record><header><identifier>oai:riubu.ubu.es:10259/10023</identifier><datestamp>2025-01-24T01:05:42Z</datestamp><setSpec>com_10259_8005</setSpec><setSpec>com_10259_5086</setSpec><setSpec>com_10259_2604</setSpec><setSpec>col_10259_8006</setSpec></header><metadata><record xmlns="http://www.loc.gov/MARC21/slim" xmlns:doc="http://www.lyncode.com/xoai" xmlns:xsi="http://www.w3.org/2001/XMLSchema-instance" xmlns:dcterms="http://purl.org/dc/terms/" xsi:schemaLocation="http://www.loc.gov/MARC21/slim http://www.loc.gov/standards/marcxml/schema/MARC21slim.xsd">
<leader>00925njm 22002777a 4500</leader>
<datafield tag="042" ind1=" " ind2=" ">
<subfield code="a">dc</subfield>
</datafield>
<datafield tag="720" ind1=" " ind2=" ">
<subfield code="a">Antón Merino, Javier</subfield>
<subfield code="e">author</subfield>
</datafield>
<datafield tag="260" ind1=" " ind2=" ">
<subfield code="c">2020-05-19</subfield>
</datafield>
<datafield tag="520" ind1=" " ind2=" ">
<subfield code="a">The following article aims to make headway on the knowledge related to the elements that explain the steep increase of secessionist nationalism during the 21st century in the peripheral territories of plurinational Western long-established democracies, such as the ones existing in the United Kingdom and Spain. In order to do so, we will be focusing on the quick change observed in the preferences as to the state territorial organization in Catalonia and Scotland. Through the usage of the logistic regression technique, a longitudinal analysis will be carried out to analyze the principal characteristics of the Catalonian and Scottish independence profile throughout the period comprehended between 1999 and 2016.</subfield>
</datafield>
<datafield tag="024" ind2=" " ind1="8">
<subfield code="a">2084-848X</subfield>
</datafield>
<datafield tag="024" ind2=" " ind1="8">
<subfield code="a">http://hdl.handle.net/10259/10023</subfield>
</datafield>
<datafield tag="024" ind2=" " ind1="8">
<subfield code="a">10.2478/pn-2020-0005</subfield>
</datafield>
<datafield tag="024" ind2=" " ind1="8">
<subfield code="a">2543-9391</subfield>
</datafield>
<datafield ind1=" " ind2=" " tag="653">
<subfield code="a">Catalonia</subfield>
</datafield>
<datafield ind1=" " ind2=" " tag="653">
<subfield code="a">Scotland</subfield>
</datafield>
<datafield ind1=" " ind2=" " tag="653">
<subfield code="a">Secessionism</subfield>
</datafield>
<datafield ind1=" " ind2=" " tag="653">
<subfield code="a">Logistic regression</subfield>
</datafield>
<datafield tag="245" ind1="0" ind2="0">
<subfield code="a">The rise of independence feelings in Catalonia and Scotland. A longitudinal study on the profile of independence in the beginning of the 21st century</subfield>
</datafield>
</record></metadata></record></GetRecord></OAI-PMH>